<?xml version="1.0" encoding="UTF-8"?>
<record
    xmlns:xsi="http://www.w3.org/2001/XMLSchema-instance"
    xsi:schemaLocation="http://www.loc.gov/MARC21/slim http://www.loc.gov/standards/marcxml/schema/MARC21slim.xsd"
    xmlns="http://www.loc.gov/MARC21/slim">

  <leader>00726cam a22002291  4500</leader>
  <controlfield tag="001">ne 68001190 </controlfield>
  <controlfield tag="003">DLC</controlfield>
  <controlfield tag="005">20260227111840.0</controlfield>
  <controlfield tag="008">940308s1965    tu            000 0 tur  </controlfield>
  <datafield tag="010" ind1=" " ind2=" ">
    <subfield code="a">ne 68001190 </subfield>
  </datafield>
  <datafield tag="035" ind1=" " ind2=" ">
    <subfield code="a">(OCoLC)29927269</subfield>
  </datafield>
  <datafield tag="040" ind1=" " ind2=" ">
    <subfield code="a">DLC</subfield>
    <subfield code="c">CU</subfield>
    <subfield code="d">CU</subfield>
    <subfield code="d">DLC</subfield>
  </datafield>
  <datafield tag="042" ind1=" " ind2=" ">
    <subfield code="a">premarc</subfield>
  </datafield>
  <datafield tag="050" ind1="0" ind2="0">
    <subfield code="a">JN9798.T8</subfield>
    <subfield code="b">F48</subfield>
  </datafield>
  <datafield tag="100" ind1="1" ind2=" ">
    <subfield code="a">Feyzio&#x11F;lu, Turhan.</subfield>
  </datafield>
  <datafield tag="245" ind1="1" ind2="0">
    <subfield code="a">H&#xFC;k&#xFB;met program&#x131; m&#xFC;zakerelerinde C.H. P.nin g&#xF6;r&#xFC;&#x15F;leri</subfield>
    <subfield code="c">[yazanlar] Turhan Feyzio&#x11F;lu [ve] H&#x131;fz&#x131; O&#x11F;uz Bekata.</subfield>
  </datafield>
  <datafield tag="260" ind1=" " ind2=" ">
    <subfield code="a">[Ankara,</subfield>
    <subfield code="b">Ajans-T&#xFC;rk Matbaas&#x131;]</subfield>
    <subfield code="c">1965.</subfield>
  </datafield>
  <datafield tag="300" ind1=" " ind2=" ">
    <subfield code="a">82 p.</subfield>
    <subfield code="c">24 cm.</subfield>
  </datafield>
  <datafield tag="500" ind1=" " ind2=" ">
    <subfield code="a">Speeches delivered in Parliament.</subfield>
  </datafield>
  <datafield tag="610" ind1="2" ind2="0">
    <subfield code="a">Cumhuriyet Halk Partisi (Turkey)</subfield>
  </datafield>
  <datafield tag="700" ind1="1" ind2=" ">
    <subfield code="a">Bekata, Hifzi O&#x11F;uz,</subfield>
    <subfield code="d">1911-</subfield>
  </datafield>
  <datafield tag="999" ind1=" " ind2=" ">
    <subfield code="c">50237</subfield>
    <subfield code="d">50237</subfield>
  </datafield>
</record>
